000 00301nam a2200121Ia 4500
005 20251222144711.0
008 251222s9999||||xx |||||||||||||| ||spa||
020 _a9972-2582-6-2
082 _a343.04/I61/2005
245 0 _aManual del Sistema Tributario Sectorial
264 _bPacĂ­fico
942 _cLIB
999 _c17824
_d17824